| 000 | 00922nam a22002057a 4500 | ||
|---|---|---|---|
| 003 | OSt | ||
| 005 | 20161115112030.0 | ||
| 008 | 150408b2016 slv spa | ||
| 040 | _cBMC | ||
| 082 | _a070 | ||
| 100 | 1 |
_940353 _aMorales Carranza, Mariana Elizabeth |
|
| 245 | 1 | 0 |
_aPasantía en Ministerio de Agricultura y Ganadería, MAG _b: Informe final _cMariana Elizabeth Morales Carranza |
| 260 |
_aSanta Ana (El Salvador) _bUniversidad Católica de El Salvador _c2016 |
||
| 300 |
_a1 folleto (21 h.) _bil. col. _c28 cm _e+ 1 disco compacto |
||
| 500 | _aPrecede al tít.: Universidad Católica de El Salvador, Facultad de Ciencias y Humanidades | ||
| 502 | _aTrabajo de graduación para optar al grado académico de Licenciatura en Períodismo y Comunicación Audiovisual | ||
| 650 | 2 | 4 |
_9882 _aPeriodismo |
| 710 | 2 |
_91075 _aUniversidad Católica de El Salvador _bFacultad de Ciencias y Humanidades |
|
| 942 |
_2ddc _cTG |
||
| 999 |
_c26509 _d26509 |
||